000 00597nam a2200181Ia 4500
008 090630s9999 xx 000 0 und d
082 _b27568
100 _aजोशी वसंत वि.
245 _aमोगरा फुलला.
_cजोशी वसंत वि.
260 _bकौशिक - सातारा.
_c1995
300 _a64
600 _aजोशी वसंत वि.
630 _aमोगरा फुलला.
655 _aकाव्य.
700 _aजोशी वसंत वि.
730 _aमोगरा फुलला.
942 _cBOOK
999 _c279424
_d279424